000 00307nam a2200133Ia 4500
005 20251222144636.0
008 251222s9999||||xx |||||||||||||| ||spa||
020 _a84-7827-276-3
082 _a372.83/B42
100 _aBenejam, Pilar
245 0 _aLas Ciencias Sociales:
264 _bGraó
942 _cLIB
999 _c16482
_d16482